| 000 | 01843ntm a2200277 a 4500 | ||
|---|---|---|---|
| 001 | 75541 | ||
| 003 | BD-RjUL | ||
| 005 | 20211209082716.0 | ||
| 008 | 190423b 2016bg ||||| bm|| 00| 0 ben d | ||
| 035 | _a(BD-RjUL)75759 | ||
| 040 |
_aBD-RjUL _bben/eng _cBD-RjUL _dBD-RjUL |
||
| 041 | _aben | ||
| 082 |
_221 _a297.09 _bHUI 2016 |
||
| 100 | 1 |
_aহুসাইন, মুহা. মুযাফফর _9231057 |
|
| 245 | 1 | 0 |
_aইসলামী পুনর্জাগরণের পথ ও পদ্ধতি = The way and the Method of Islamic Renaissance : _bএকটি তাত্ত্বিক বিশ্লেষণ = A Theoritical Analysis / _cমুহা. মুযাফফর হুসাইন ; _6প্রিন্সিপ্যাল সুপারভাইজার : মো. আব্দুস সালাম , কো-সুপারভাইজার: মু. আব্দুল হক |
| 246 |
_aThe way and the Method of Islamic Renaissance: _bA Theoritical Analysis |
||
| 260 |
_aরাজশাহী : _bআরবী বিভাগ, রাজশাহী বিশ্ববিদ্যালয়, _c২০১৬ |
||
| 300 |
_axiii, ৩৫৫ পাতা ; _c৩০ সেমি. |
||
| 502 | _aথিসিস (পিএইচ. ডি.)-- আরবী বিভাগ, রাজশাহী বিশ্ববিদ্যালয়, ২০১৬ | ||
| 504 | _aগ্রন্থপঞ্জি: পাতা ৩৪০-৩৫৫ | ||
| 650 |
_aইসলাম ধর্ম _xইতিহাস _9231058 |
||
| 650 |
_aIslam _xHistory _9231059 |
||
| 700 |
_aসালাম, মো. আব্দুস, প্রিন্সিপ্যাল সুপারভাইজার _9231060 |
||
| 700 |
_aহক, মু. আব্দুল, কো-সুপারভাইজার _9231061 |
||
| 942 |
_2ddc _cTHE |
||
| 999 |
_c75541 _d75541 |
||